Kultúrne a kreatívne odvetvia a cestovný ruch - teoretické koncepcie a prax
Modely kreatívnych a kultúrnych odvetví. Cestovný ruch a kultúrne a kreatívne odvetvia v Európskej únii a na Slovensku. Zelená kniha o uvoľňovaní potenciálu kultúrnych a kreatívnych odvetví. Štruktúra kultúrno-kreatívneho cestovného ruchu Slovenska. Projekt Košice Interface 2013. Kreatívny priemysel...
Guardado en:
| Autor principal: | |
|---|---|
| Formato: | Capítulo de libro |
| Lenguaje: | eslovaco |
| Materias: | |
| Etiquetas: |
Sin Etiquetas, Sea el primero en etiquetar este registro!
|
MARC
| LEADER | 00000naa a2200000 4500 | ||
|---|---|---|---|
| 001 | 0166267 | ||
| 005 | 20240502072910.5 | ||
| 041 | 0 | |a slo | |
| 044 | |a SK | ||
| 245 | 1 | 0 | |a Kultúrne a kreatívne odvetvia a cestovný ruch - teoretické koncepcie a prax |c Ema Mišúnová |
| 520 | |a Modely kreatívnych a kultúrnych odvetví. Cestovný ruch a kultúrne a kreatívne odvetvia v Európskej únii a na Slovensku. Zelená kniha o uvoľňovaní potenciálu kultúrnych a kreatívnych odvetví. Štruktúra kultúrno-kreatívneho cestovného ruchu Slovenska. Projekt Košice Interface 2013. Kreatívny priemysel - súčasť Plánu hospodárskeho a sociálneho rozvoja hl. mesta SR Bratislavy na roky 2010-2020. | ||
| 610 | 2 | 0 | |a ruch cestovný kreatívny |
| 610 | 2 | 0 | |a ruch cestovný kultúrny |
| 610 | 2 | 0 | |a kultúra |
| 610 | 2 | 0 | |a kreativita |
| 610 | 2 | 0 | |a priemysel |
| 610 | 2 | 0 | |a remeslá |
| 610 | 2 | 0 | |a Slovensko |
| 610 | 2 | 0 | |a Európska únia |
| 100 | 1 | |a Mišúnová, Ema | |